| 000 -ლიდერი |
| ფიქსირებული სიგრძის საკონტროლო ველი |
01711nam a22002177a 4500 |
| 003 - საკონტროლო ნომრის იდენტიფიკატორი |
| საკონტროლო ველი |
Ge_BSU |
| 005 - ბოლო ოპერაციის თარიღი და დრო |
| საკონტროლო ველი |
20250925131030.0 |
| 008 - ფიქსირებული სიგრძის მონაცემთა ელემენტები - ზოგადი ინფორმაცია |
| ფიქსირებული სიგრძის საკონტროლო ველი |
250924s1967 ge ||||| |||| 00| 0 geo d |
| 041 ## - ენის კოდი |
| Language code of text/sound track or separate title |
geo |
| 080 ## - უნივერსალური ათობითი კლასიფიკაციის ინდექსი |
| Universal Decimal Classification number |
331.101.262(479.22) ბ-13 |
| 100 ## - მთავარი ჩანაწერი - პიროვნების სახელი |
| Personal name |
ბაბილოძე, კასიანე |
| 9 (RLIN) |
25874 |
| 245 ## - ცნობა სათაურის შესახებ |
| Title |
შრომითი რესურსების გამოყენებისა და დარგობრივი სტრუქტურის საკითხები მეჩაიეობა-მეციტრუსეობის კოლმეურნეობებში / |
| Statement of responsibility, etc |
კასიანე ბაბილოძე, კონსტანტინე ღლონტი; საქ. სსრ მეცნ. აკად., ბათუმის სამეცნ.-კვლევ. ინ-ტი. |
| 264 ## - წარმოების, გამოცემის, დისტრიბუციის და სხვა ცნობები |
| გამოცემის, წარმოების, დისტრიბუციის... ადგილი |
თბილისი : |
| გამოცემის, წარმოების, დისტრიბუციის... სახელწოდება |
მეცნიერება, |
| გამოცემის, წარმოების, დისტრიბუციის... თარიღი |
1967. |
| 300 ## - ფიზიკური აღწერა |
| Extent |
97 გვ. : |
| Other physical details |
ცხრილ. ; |
| Dimensions |
21 სმ. |
| 653 ## - INDEX TERM--UNCONTROLLED |
| Uncontrolled term |
საქართველოს შრომითი რესურსები |
| 653 ## - INDEX TERM--UNCONTROLLED |
| Uncontrolled term |
საქართველოს მეჩაიეობის კოლმეურნეობები. |
| 653 ## - INDEX TERM--UNCONTROLLED |
| Uncontrolled term |
საქართველოს მეციტრუსეობის კოლმეურნეობები. |
| 700 ## - ADDED ENTRY--PERSONAL NAME |
| Personal name |
ღლონტი, კონსტანტინე |
| Relator term |
ავტორი |
| 9 (RLIN) |
25875 |
| 710 ## - ADDED ENTRY--CORPORATE NAME |
| Corporate name or jurisdiction name as entry element |
საქართველოს სსრ მეცნიერებათა აკადემია. |
| Subordinate unit |
ბათუმის სამეცნიერო-კვლევითი ინსტიტუტი. |
| 9 (RLIN) |
14533 |
| 942 ## - ADDED ENTRY ELEMENTS (KOHA) |
| Source of classification or shelving scheme |
|
| Koha item type |
წიგნი |